000 00939nam0a22002411 4500
001 rc\2783340
005 20250529164227.0
035 _a(NLR Aleph) 006909557
090 _a7332678
_c7332678
100 _a20110915d1935 |||y0rusy50 ca
101 0 _arus
102 _aRU
105 _ay z |||||
200 1 _aТехминимум ПВХО
_eМетод. пособие для инструкторов противовозд. и хим. обороны и актива Осоавиахима
_fА. Крейдтнер
_gДор.-трансп. совет Осоавиахима Аз.-Чер. ж. д.
210 _aРостов-на-Дону
_cБюро хозбюллетеней
_d1935
_gтип. им. Стачки 1902 г.
215 _aОбл., 92 с.
_d20х29 см.
700 1 _aКрейдтнер
_bА.
801 0 _aRU
_bNLR
_gpsbo
801 1 _aRU
_bELAR
_2rusmarc
852 _aNLR
_j35-13/339
942 _cBOOK
980 _aNB